Т. 1; Доклады Четвертого Всесоюзного совещания по применению ускорителей заряженных частиц в народном хозяйстве, 28-30 сентября 1982 г., Ленинград

מידע ביבליוגרפי
Parent link:Доклады Четвертого Всесоюзного совещания по применению ускорителей заряженных частиц в народном хозяйстве, 28-30 сентября 1982 г., Ленинград: в 4 т./ Научно-исследовательский институт электрофизической аппаратуры им. Д. В. Ефремова (НИИЭФА). Т. 1.— , 1982
שפה:רוסית
יצא לאור: 1982
נושאים:
פורמט: ספר
KOHA link:https://koha.lib.tpu.ru/cgi-bin/koha/opac-detail.pl?biblionumber=244880

MARC

LEADER 00000nam2a2200000 4500
001 244880
005 20231101232104.0
020 |a RU  |b 83-67891 
035 |a (RuTPU)RU\TPU\book\266275 
090 |a 244880 
100 |a 20131030d1982 k y0rusy5003 ca 
101 0 |a rus 
102 |a RU 
105 |a a z 101zy 
200 0 |a Т. 1 
210 |d 1982 
215 |a 259 с.  |c ил. 
320 |a Библиография в конце статей 
461 1 |0 (RuTPU)RU\TPU\book\256104  |t Доклады Четвертого Всесоюзного совещания по применению ускорителей заряженных частиц в народном хозяйстве, 28-30 сентября 1982 г., Ленинград  |o в 4 т.  |f Научно-исследовательский институт электрофизической аппаратуры им. Д. В. Ефремова (НИИЭФА)  |v Т. 1  |d 1982 
606 1 |a Ускорители заряженных частиц  |x Применение в народном хозяйстве  |2 stltpush  |3 (RuTPU)RU\TPU\subj\63416  |9 80444 
610 1 |a конструктивные особенности 
610 1 |a радиационные технологии 
610 1 |a применение 
610 1 |a текстильные материалы 
610 1 |a модификация 
610 1 |a срок службы 
610 1 |a оценка 
610 1 |a электроны 
610 1 |a линейные ускорители 
610 1 |a циклотроны 
610 1 |a медицина 
610 1 |a промышленное использование 
610 1 |a малогабаритные бетатроны 
610 1 |a дефектоскопия 
610 1 |a тормозное излучение 
610 1 |a электронно-оптические системы 
610 1 |a микрозондовые установки 
610 1 |a магнетронные генераторы 
610 1 |a совещания 
675 |a 621.384.6.004(063)  |z rus  |v 3 
801 0 |a RU  |b RuMRKP  |c 19950704  |g psbo 
801 1 |a RU  |b 63413507  |c 20131030 
801 2 |a RU  |b 63413507  |c 20131031  |g RCR 
942 |c BK